01102cam a2200289 a 4500999001700000001000900017005001700026008004100043010001700084020003600101042000800137043001200145050002300157082001600180100002900196245006000225246004200285250002000327260005500347300004500402504006700447650004700514650006000561650005200621942001500673952012400688 c27742d277421694795420170210111423.0110906s2011 caua b 001 0 eng  a 2011938100 a9781111833237 (student edition) apcc an-us---00aLC225.3b.G47 201300a372.1192231 aGestwicki, Carol,d1940-10aHome, school, & community relations /cCarol Gestwicki.3 aHome, school, and community relations aEighth edition. aBelmont, CA :bWadsworth Cengage Learning,c[2013] axx, 529 pages :billustrations ;c26 cm. aIncludes bibliographical references (pages 510-517) and index. 0aHome and schoolzUnited StatesvTextbooks. 0aParent-teacher relationshipszUnited StatesvTextbooks. 0aCommunity and schoolzUnited StatesvTextbooks. 2lcccBOOKS 00102lcc4070aMUCbMUCcTECHd2017-02-10eDonation(BFA)l0oLC 225.3 .G48 2013p35584r2018-05-31w2017-02-10yBOOKS